[Event "Battle of the Generations Blitz 2013"]
[Site "Moscow RUS"]
[Date "2013.12.02"]
[Round "1.1"]
[White "Dubov, Daniil"]
[Black "Shirov, Alexei"]
[Result "1/2-1/2"]
[WhiteTitle "GM"]
[BlackTitle "GM"]
[WhiteElo "2629"]
[BlackElo "2695"]
[WhiteFideId "24126055"]
[BlackFideId "2209390"]
[EventDate "2013.12.02"]

1. Nf3 Nf6 2. g3 d5 3. Bg2 Bg4 4. O-O Nbd7 5. d3 e5 6. h3 Bh5 7. g4 Bg6 8. Nh4
Nxg4 9. Nxg6 hxg6 10. hxg4 Qh4 11. Re1 Nf6 12. e3 e4 13. dxe4 dxe4 14. Qe2 Nxg4
15. Bxe4 Nxf2 16. Qxf2 Qxe4 17. Qg2 Qh4 18. Rd1 Rh5 19. e4 Bc5+ 20. Kf1 Ke7 21.
Nc3 c6 22. Ke2 Rah8 23. Be3 Bxe3 24. Kxe3 Qf6 25. Rf1 Rh3+ 26. Ke2 Qe5 27. Rf2
Rh2 28. Qg1 Rxf2+ 29. Kxf2 Rh2+ 30. Ke1 Qh5 31. Qg3 Rh1+ 32. Kd2 Rxa1 33. Qc7+
Ke6 34. Qc8+ Ke7 35. Qc7+ Kf6 36. Qd8+ Ke6 1/2-1/2

[Event "Battle of the Generations Blitz 2013"]
[Site "Moscow RUS"]
[Date "2013.12.02"]
[Round "1.2"]
[White "Shirov, Alexei"]
[Black "Dubov, Daniil"]
[Result "0-1"]
[WhiteTitle "GM"]
[BlackTitle "GM"]
[WhiteElo "2695"]
[BlackElo "2629"]
[WhiteFideId "2209390"]
[BlackFideId "24126055"]
[EventDate "2013.12.02"]

1. e4 Nf6 2. e5 Nd5 3. d4 d6 4. c4 Nb6 5. exd6 cxd6 6. d5 e5 7. Nc3 Be7 8. f4
O-O 9. Nf3 Bg4 10. fxe5 N8d7 11. b3 Bh4+ 12. Kd2 dxe5 13. Be2 Bxf3 14. gxf3 Bg5+
15. Kc2 Bxc1 16. Qxc1 Nc8 17. Ne4 h6 18. Rg1 Kh8 19. Qa3 Ne7 20. Nd6 Qb6 21.
Rae1 a5 22. Ne4 Nf5 23. c5 Rfc8 24. Kb1 Nxc5 25. Rc1 Nxe4 26. fxe4 Nd6 27. Bd3
Qd4 28. Rcd1 Nxe4 29. Bxe4 Qxe4+ 30. Ka1 Qb4 31. Qb2 Qd6 32. Qg2 g6 33. Rgf1 Rc7
34. Rf3 a4 35. Qd2 axb3 36. Qxh6+ Kg8 37. Rxb3 Rc2 0-1

[Event "Battle of the Generations Blitz 2013"]
[Site "Moscow RUS"]
[Date "2013.12.08"]
[Round "6.1"]
[White "Shirov, Alexei"]
[Black "Dubov, Daniil"]
[Result "1/2-1/2"]
[WhiteTitle "GM"]
[BlackTitle "GM"]
[WhiteElo "2695"]
[BlackElo "2629"]
[WhiteFideId "2209390"]
[BlackFideId "24126055"]
[EventDate "2013.12.02"]

1. d4 Nf6 2. c4 c5 3. d5 b5 4. cxb5 a6 5. bxa6 g6 6. g3 Bg7 7. Bg2 d6 8. Nf3 O-O
9. O-O Nbd7 10. Nc3 Nb6 11. Re1 Bxa6 12. e4 Nfd7 13. Qc2 Nc4 14. Nd2 Nde5 15.
Nxc4 Nxc4 16. Bf4 Qa5 17. Rac1 Rfb8 18. b3 Ne5 19. Bxe5 Bxe5 20. Bf1 Bxf1 21.
Kxf1 Bxc3 22. Qxc3 Qb5+ 23. Qc4 Rxa2 24. Qxb5 Rxb5 25. Rc3 Rb2 26. Ree3 f6 27.
g4 Ra5 28. Kg2 Raa2 29. Rf3 g5 30. Rce3 Kg7 31. Kg3 Kg6 32. Kg2 h5 33. gxh5+
Kxh5 34. Rf5 Ra3 35. h4 Raxb3 36. Rxb3 Rxb3 37. hxg5 fxg5 38. Rf7 Rb7 39. e5 Kg6
40. e6 c4 41. Kf3 c3 42. Ke2 c2 43. Kd2 Rc7 44. Kc1 Kh5 45. f3 Kh4 46. Rf5 Kg3
47. Rf7 Kf2 48. Rf5 Ke3 49. Rxg5 Kxf3 50. Rf5+ Ke4 51. Rh5 Kd4 52. Rg5 Ke4 53.
Rh5 Kf4 54. Rh7 Kg5 55. Rf7 Kg6 56. Rf3 Kg5 57. Rf7 Kg6 58. Rf3 Rc5 59. Rf7 1/2-1/2

[Event "Battle of the Generations Blitz 2013"]
[Site "Moscow RUS"]
[Date "2013.12.08"]
[Round "6.2"]
[White "Dubov, Daniil"]
[Black "Shirov, Alexei"]
[Result "1-0"]
[WhiteTitle "GM"]
[BlackTitle "GM"]
[WhiteElo "2629"]
[BlackElo "2695"]
[WhiteFideId "24126055"]
[BlackFideId "2209390"]
[EventDate "2013.12.02"]

1. e4 c5 2. Nf3 Nc6 3. Nc3 g6 4. d4 cxd4 5. Nxd4 Bg7 6. Be3 Nf6 7. Nxc6 bxc6 8.
e5 Nd5 9. Nxd5 cxd5 10. Qxd5 Rb8 11. Bc4 O-O 12. O-O Rxb2 13. Bb3 d6 14. Bd4 Be6
15. Qe4 Bxb3 16. axb3 Bxe5 17. Bxb2 Bxb2 18. Rxa7 e6 19. Qc6 d5 20. b4 Bd4 21.
Rd7 Qb8 22. c3 Rc8 23. Rb7 1-0